| 000 | 00537nam a22001697a 4500 | ||
|---|---|---|---|
| 003 | NUST | ||
| 038 | _aNusrat Nadeem | ||
| 082 | _a200 | ||
| 100 |
_aSumaid, Muhammad _996839 |
||
| 245 |
_aReconfigurable Polarization Converter Through Active Metasurface / _cMuhammad Sumaid |
||
| 264 |
_aIslamabad : _bSEECS, NUST, _c2022. |
||
| 300 | _a59 p. ; | ||
| 650 |
_aMS-Electrical Engineering _923567 |
||
| 700 |
_aSupervisor: Dr. Nosherwan Shoaib _996841 |
||
| 856 | _uhttp://10.250.8.41:8080/xmlui/handle/123456789/29405 | ||
| 942 |
_2ddc _cSC |
||
| 999 |
_c590896 _d590896 |
||